10 Most Rat-Infested Cities in the Western World - Statistics

General Stats
  • This quiz has been taken 79 times
  • The average score is 8 of 10
Answer Stats
Hint Answer % Correct
United States (~32 million rats) New York
99%
Europe London
93%
Europe Paris
93%
United States Chicago
88%
United States Boston
78%
United States Detroit
68%
United States Atlanta
67%
United States Houston
67%
United States Baltimore
55%
United States New Orleans
43%
No matching quizzes found
Score Distribution
Percent of People with Each Score
Percentile by Number Answered
Your Score History
You have not taken this quiz